| 000 | 00896nam a2200265 a 4500 | ||
|---|---|---|---|
| 001 | 69602 | ||
| 003 | BD-RjUL | ||
| 005 | 20211209081915.0 | ||
| 008 | 170412s1955 nyua b 010 0 eng d | ||
| 035 | _a(BD-RjUL)69814 | ||
| 040 |
_aDLC/ICU _cICU _dBD-RjUL _beng |
||
| 041 | _aeng | ||
| 082 | 0 | 0 |
_223 _a530.1 _bNIE 1955 |
| 245 | 1 | 0 |
_aNiels Bohr and the development of physics : _bessays dedicated to Niels Bohr on the occasion of his seventieth birthday / _cEdited by W. Pauli with the assistance of L. Rosenfeld and V. Weisskopf. |
| 260 |
_aNew York : _bPergamon Press, _c1955. |
||
| 300 |
_avii, 195 p. : _bill. ; _c23 cm. |
||
| 504 | _aIncludes bibliographies. | ||
| 600 | 1 | 0 |
_aBohr, Niels, _d1885-1962. _9206171 |
| 650 | 0 |
_aPhysics. _9206168 |
|
| 700 |
_aPauli, W. _9157255 |
||
| 700 |
_aRosenfeld, L. _9206169 |
||
| 700 |
_aWeisskopf, V. _9206170 |
||
| 942 |
_2ddc _cBK |
||
| 999 |
_c69602 _d69602 |
||